International textbook of reflective practice in nursing / (Record no. 10894)
[ view plain ]
| 000 -LEADER | |
|---|---|
| fixed length control field | 02611cam a22004098a 4500 |
| 001 - CONTROL NUMBER | |
| control field | 15106743 |
| 005 - DATE AND TIME OF LATEST TRANSACTION | |
| control field | 20071211143328.0 |
| 008 - FIXED-LENGTH DATA ELEMENTS--GENERAL INFORMATION | |
| fixed length control field | 071206s2008 enk b 001 0 eng |
| 010 ## - LIBRARY OF CONGRESS CONTROL NUMBER | |
| LC control number | 2007049690 |
| 020 ## - INTERNATIONAL STANDARD BOOK NUMBER | |
| International Standard Book Number | 9781405160513 (pbk. : alk. paper) |
| 020 ## - INTERNATIONAL STANDARD BOOK NUMBER | |
| International Standard Book Number | 1405160519 (pbk. : alk. paper) |
| 035 ## - SYSTEM CONTROL NUMBER | |
| System control number | (DNLM)101322799 |
| 040 ## - CATALOGING SOURCE | |
| Original cataloging agency | DNLM/DLC |
| Transcribing agency | DLC |
| 042 ## - AUTHENTICATION CODE | |
| Authentication code | pcc |
| 050 00 - LIBRARY OF CONGRESS CALL NUMBER | |
| Classification number | RT73 |
| Item number | .I58 2008 |
| 060 10 - NATIONAL LIBRARY OF MEDICINE CALL NUMBER | |
| Classification number | WY 86 |
| Item number | I613 2008 |
| 082 00 - DEWEY DECIMAL CLASSIFICATION NUMBER | |
| Classification number | 610.73 |
| Edition number | 22 |
| Item number | INT |
| 245 00 - TITLE STATEMENT | |
| Title | International textbook of reflective practice in nursing / |
| Statement of responsibility, etc | editors, Dawn Freshwater, Beverley J. Taylor, and Gwen Sherwood. |
| 260 ## - PUBLICATION, DISTRIBUTION, ETC. (IMPRINT) | |
| Place of publication, distribution, etc | Oxford ; |
| -- | Malden, MA : |
| Name of publisher, distributor, etc | Blackwell Pub., |
| Date of publication, distribution, etc | 2008. |
| 263 ## - PROJECTED PUBLICATION DATE | |
| Projected publication date | 0806 |
| 300 ## - PHYSICAL DESCRIPTION | |
| Extent | 244 p ; |
| Dimensions | 20 cm. |
| 504 ## - BIBLIOGRAPHY, ETC. NOTE | |
| Bibliography, etc | Includes bibliographical references and index. |
| 505 0# - FORMATTED CONTENTS NOTE | |
| Formatted contents note | Reflective practice: the state of the art / Dawn Freshwater -- Reflexivity: using reflection as an approach to research / Beverley J. Taylor -- Developing an evidence based approach to practice through reflection / Dawn Freshwater -- International perspectives in reflective practice: global knowledge / Beverley Taylor ... [et al.] -- Using critical reflection to improve practice / Philip Esterhuizen and Dawn Freshwater -- Clinical supervision and reflective practice / Philip Esterhuizen and Dawn Freshwater -- Reflective practice: the route to nursing leadership / Gwen Sherwood and Sara Horton-Deutsch -- Reflective practice and therapeutic use of self / Dawn Freshwater, Philip Esterhuizen and Sara Horton-Deutsch -- Developing a reflective curriculum / Gwen Sherwood, Philip Esterhuizen and Sara Horton Deutsch -- -- Caring and reflection: the essence of nursing / Beverley J. Taylor -- Reflective narratives: developing a career pathway / Dawn Freshwater and Philip Esterhuizen. |
| 650 #0 - SUBJECT ADDED ENTRY--TOPICAL TERM | |
| Topical term or geographic name as entry element | Nursing |
| General subdivision | Study and teaching. |
| 650 #0 - SUBJECT ADDED ENTRY--TOPICAL TERM | |
| Topical term or geographic name as entry element | Nursing |
| General subdivision | Philosophy. |
| 650 12 - SUBJECT ADDED ENTRY--TOPICAL TERM | |
| Topical term or geographic name as entry element | Philosophy, Nursing. |
| 650 22 - SUBJECT ADDED ENTRY--TOPICAL TERM | |
| Topical term or geographic name as entry element | Leadership. |
| 650 22 - SUBJECT ADDED ENTRY--TOPICAL TERM | |
| Topical term or geographic name as entry element | Nursing, Supervisory. |
| 700 1# - ADDED ENTRY--PERSONAL NAME | |
| Personal name | Freshwater, Dawn. |
| 700 1# - ADDED ENTRY--PERSONAL NAME | |
| Personal name | Taylor, Beverley J. |
| Fuller form of name | (Beverley Joan), |
| Dates associated with a name | 1951- |
| 700 1# - ADDED ENTRY--PERSONAL NAME | |
| Personal name | Sherwood, Gwen. |
| 710 2# - ADDED ENTRY--CORPORATE NAME | |
| Corporate name or jurisdiction name as entry element | Sigma Theta Tau International. |
| 942 ## - ADDED ENTRY ELEMENTS (KOHA) | |
| Source of classification or shelving scheme | Dewey Decimal Classification |
| Item type | Book - Borrowing |
| Withdrawn status | Item status | Source of classification or shelving scheme | Materials specified (bound volume or other part) | Damaged status | Not for loan | Vendor | Home library | Current library | Shelving location | Date acquired | Cost, normal purchase price | Serial Enumeration / chronology | Total Checkouts | Total Renewals | Full call number | Barcode | Date last seen | Date last borrowed | Koha item type | Source of acquisition |
|---|---|---|---|---|---|---|---|---|---|---|---|---|---|---|---|---|---|---|---|---|
| Dewey Decimal Classification | BOX01 | Academic Bookshop | Central Library | Central Library | First floor | 19/02/2009 | 204.00 | 328 | 12 | 6 | 610.73 INT | 000014911 | 15/07/2025 | 10/02/2016 | Book - Borrowing | |||||
| Dewey Decimal Classification | Academic Bookshop | Central Library | Central Library | First floor | 19/02/2009 | 204.00 | 328 | 5 | 16 | 610.73 INT | 000014912 | 15/07/2025 | 09/05/2013 | Book - Borrowing |